All Teams to Ever Play a Cricket World Cup - Statistics

General Stats
  • This quiz has been taken 641 times
  • The average score is 16 of 20
Answer Stats
Debut Year Best Performence Team % Correct
1975 Champions India
99%
1975 Champions Australia
98%
1975 Champions Pakistan
98%
1975 Champions England
96%
1975 Runners-up New Zealand
94%
1975 Champions Sri Lanka
93%
1999 Super Eight Bangladesh
90%
1992 Semifinals South Africa
90%
1975 Champions West Indies
90%
2007 Super Eight Ireland
88%
2015 Group stage Afghanistan
87%
1999 Group stage Scotland
81%
1983 Super Six Zimbabwe
76%
1996 Group stage Netherlands
73%
1996 Semifinals Kenya
69%
1979 Group stage Canada
68%
2003 Group stage Namibia
61%
1996 Group stage United Arab Emirates
55%
2007 Group stage Bermuda
32%
1975 Group stage East Africa
27%
No matching quizzes found
Score Distribution
Percent of People with Each Score
Percentile by Number Answered
Your Score History
You have not taken this quiz